000 00941cab a2200229 4500
001 WB3119-23
008 090401t1995 xxu||||| |||| 00| 0 eng d
035 _a(Sirsi) u70567
041 _aeng
245 _aSpare space guide launched
260 _c1995
350 _a0
490 _aRICS Press Release
_v(PR54/95RES) 15 May 1995, (4)
520 _aReports on the launch of "An investors guide to flats over shops", aimed at encouraging investment to convert empty accommodation over shops, as part of the `Spare Space?`project administered jointly by the RICS and South Bank University. Reviews the success of the Living over the Shop (LOTS) project in Newcastle upon Tyne. (Publication available free from RICS Junior Organisation).
650 _aEMPTY LIVING ACCOMMODATION
650 _aFLATS OVER SHOPS
650 _aLIVING OVER THE SHOP
650 _aSPARE SPACE
690 _aHOUSING
942 _n0
948 _c04/03/1997
999 _c44396
_d44396